• 首页
  • 本馆介绍
  • 公告通知
  • 最新文献
  • 馆藏检索
  • 电子资源
  • 读者导购
  • 参考咨询
  • 我的图书馆
  • 登录
  • 详细信息显示
  • 放入我的书架
  • 预约/预借图书
  • 作者相关作品
  • 分类相关作品
  • 丛书相关作品
  • 出版社相关作品

书目信息

  • 表格格式
  • 工作单格式
  • 卡片格式
题名:
秘密的中国
    
 
作者: 基希 著
分册:  
出版信息: 北京   东方出版社  2001.01
页数: 211页
开本: 20cm
丛书名:
单 册:
中图分类: I516.55
科图分类:
主题词: 文学
电子资源:
ISBN: 7-80627-647-5
000 00536nam0 2200205 450
001 0552583382
005 20050124143619.84
010    @a7-80627-647-5@dCNY13.00
100    @a20050124d2001 km y0chiy0120 ea
101 0  @achi
102    @aCN@b310000
102    @aCN@b110000
200 1  @a秘密的中国@Ami mi de zhong guo@f(德)基希著@F(de)ji xi zhu
210    @a北京@c东方出版社@d2001.01
215    @a211页@d20cm
606 0  @a文学
690    @aI516.55@v4
701  0 @a基希@Aji xi@4著
801  0 @aCN@bPFT@c20050124
905    @aBZT@dI516.55@e2
    
    秘密的中国/(德)基希著.-北京:东方出版社,2001.01
    211页;20cm
    
    
    ISBN 7-80627-647-5:CNY13.00
    
●
相关链接 在五车中查询图书 在当当中查询图书 在豆瓣中查询图书


正题名:秘密的中国     索取号:I516.55/2         预约/预借

序号 登录号 条形码 馆藏地/架位号 状态 备注
1 390570   210037404   中心书库中库/打包BH0182/ [索取号:I516.55/2] 在馆    
2 390571   210037379   中心书库中库/打包BH0182/ [索取号:I516.55/2] 在馆    
3 390572   210037388   中心书库中库/打包BH0182/ [索取号:I516.55/2] 在馆    
4 390573   210037351   中心书库中库/打包BH0182/ [索取号:I516.55/2] 在馆    
5 390574   210037360   中心书库中库/打包BH0182/ [索取号:I516.55/2] 在馆    
6 390575   210037333   中心书库中库/打包BH0182/ [索取号:I516.55/2] 在馆    
7 390576   210037342   中心书库中库/打包BH0182/ [索取号:I516.55/2] 在馆    
8 390577   210037324   中心书库中库/打包BH0182/ [索取号:I516.55/2] 在馆    
9 390578   210037299   中心书库中库/打包BH0182/ [索取号:I516.55/2] 在馆    
10 390579   210037306   中心书库中库/打包BH0182/ [索取号:I516.55/2] 在馆    
山东省滨州职业学院图书馆 欢迎您!
大连网信软件有限公司© 版权所有